| 000 | 00785nam a2200241 a 4500 | ||
|---|---|---|---|
| 999 |
_c2240 _d2240 |
||
| 008 | 200226s2015 ii a|||| m|||a00| 0 eng d | ||
| 040 |
_aKO _beng |
||
| 041 | 0 | _aeng | |
| 044 | _aii | ||
| 082 | 0 | 4 |
_223 _a378.242 _bPRM1315 |
| 100 | 1 |
_aKP, Shafir _eResearcher |
|
| 245 | 1 | 2 |
_aA Study on Performance of Container Terminals in JNPT / _cShafir KP ; Guide Dr. M. Sekar |
| 260 |
_aKochi : _bIndian Maritime University, _c2015 |
||
| 300 |
_a75 p. : _bill. ; _c29 cm. |
||
| 490 | 0 |
_aMBA Project 2013-15 ; _v13500082015 |
|
| 502 | _aProject (MBA)–Indian Maritime University. School of Maritime Management, 2015. | ||
| 650 | 0 | _aContainer terminals | |
| 655 | 7 |
_2lcsh _aDissertations, Academic _y2015 |
|
| 700 | 1 |
_aSekar, M. _cDr. _eGuide |
|
| 904 | _aReshma_R | ||
| 942 | _cTH | ||